00489nam a2200145 a 450000100100000000500170001000800410002704000250006808200150009311100850010824500640019326000360025730000200029370000300031300002918720200930055402.0110414s1980 dr 000 0 spa d aDO-SdBNPbspacBNPHU axxxbC748r1 aConferencia reforma del sistema tributarion(6:d1980 feb. 14 :cSanto Domingo )10aReforma del sistema tributario /cBolívar Báez Ortíz. aSanto Domingo :b[s.n.],c1980. a27 p. ;c22 cm.1 aBáez Ortíz, Bolívar